| 000 | 00981nam a2200217 a 4500 | ||
|---|---|---|---|
| 001 | 000047766 | ||
| 005 | 20201002060726.0 | ||
| 008 | 180410s2018 dr ac 000 0 spa d | ||
| 020 | _a9789945124897 | ||
| 040 |
_aDO-SdBNP _bspa _cBNPHU |
||
| 082 |
_axxxx _bxxxx |
||
| 100 | 1 |
_aGarcía V., Alejandro _974875 |
|
| 245 | 1 | 0 |
_aEducación física : _b4° grado secundaria / _cAlejandro García V., José Rafael Beras Rodríguez. |
| 260 |
_aSanto Domingo : _bSusaeta, _c2018. |
||
| 300 |
_a144 p. : _bil., retrs. ; _c29 cm. |
||
| 500 | _aEnfoque por competencias nuevo currículo | ||
| 504 | _aBibliografía : p. 144 | ||
| 505 |
_aCondición física y salud -- _tLas habilidades motrices y básicas -- _tLa resistencia -- _tLa fuerza -- _tLa flexibilidad -- _tRespiración y relajación -- _tEl baloncesto -- _tGimnasia artística -- _tBalonmano -- _tEl ajedrez -- _tGimnasia laboral -- _tJuegos y deportes. |
||
| 590 | _aInventariado, 2018/LP | ||
| 700 | 1 |
_aBeras Rodríguez, José Rafael _974876 |
|
| 999 |
_c47254 _d47254 |
||